| 000 | 01136cam a2200325 i 4500 | ||
|---|---|---|---|
| 999 |
_c233125 _d233125 |
||
| 001 | 18262022 | ||
| 003 | Nust | ||
| 005 | 20170302121913.0 | ||
| 008 | 140811s2013 pk 000 0 eng | ||
| 010 | _a 2014323739 | ||
| 020 | _a9789698535186 | ||
| 025 | _aP-E-2014323739; 31 | ||
| 037 |
_bLibrary of Congress -- Islamabad Overseas Office _cRs 400 |
||
| 040 |
_aDLC _beng _cDLC _erda |
||
| 042 |
_alcode _apcc |
||
| 043 | _aa-pk--- | ||
| 050 | 0 | 0 |
_aDS385.J5 _bB43 2014 |
| 082 | _a954.9040 | ||
| 100 | 1 |
_aBazmi, Aslam, _eauthor. |
|
| 245 | 1 | 0 |
_aOur Quaid : _bas resmembered and reported / _cAslam Bazmi. |
| 246 | 1 | 3 | _aOur leader Mohammad Ali Jinnah |
| 264 | 1 |
_aIslamabad : _bNust Publishing, _c2014. |
|
| 300 |
_axiv, 166 pages ; _c23 cm |
||
| 336 |
_atext _2rdacontent |
||
| 337 |
_aunmediated _2rdamedia |
||
| 338 |
_avolume _2rdacarrier |
||
| 600 | 1 | 0 |
_aJinnah, Mahomed Ali, _d1876-1948. |
| 710 | 2 | _aNational University of Sciences and Technology (Islāmābād, Pakistan) | |
| 906 |
_a7 _bcbc _corigode _d3 _encip _f20 _gy-gencatlg |
||
| 942 |
_2ddc _cBK |
||